Обычное право как источник гражданского права (Запись № 1398967)

Подробности
000 -МАРКЕР
контрольное поле 02351nam0a2200433 4500
001 - ИДЕНТИФИКАТОР ЗАПИСИ
контрольное поле RU\NLR\bibl\546469
005 - ИДЕНТИФИКАТОР ВЕРСИИ
контрольное поле 20250609155347.0
010 ## - МЕЖДУНАРОДНЫЙ СТАНДАРТНЫЙ НОМЕР КНИГИ (ISBN)
Номер (ISBN) 5-94201-330-6
Тираж 1050
021 ## - НОМЕР ГОСУДАРСТВЕННОЙ РЕГИСТРАЦИИ
Код страны Российская Федерация
Номер 2004-39350
Номер Листа государственной регистраци 1957
035 ## - ДРУГИЕ СИСТЕМНЫЕ НОМЕРА
Идентификатор записи (NLR Aleph) 000538672
100 ## - ДАННЫЕ ОБЩЕЙ ОБРАБОТКИ
Данные общей обработки 20040823d2004 |||y0rusy50 ca
101 0# - ЯЗЫК РЕСУРСА
Язык текста, звукозаписи и т.д. русский
Язык резюме английский
102 ## - СТРАНА ПУБЛИКАЦИИ ИЛИ ПРОИЗВОДСТВА
Страна публикации Российская Федерация
105 ## - ПОЛЕ КОДИРОВАННЫХ ДАННЫХ: ТЕКСТОВЫЕ МАТЕРИАЛЫ, МОНОГРАФИЧЕСКИЕ
Кодированные данные о монографическом текстовом документе c |||||||||
200 1# - ЗАГЛАВИЕ И СВЕДЕНИЯ ОБ ОТВЕТСТВЕННОСТИ
Основное заглавие Обычное право как источник гражданского права
Параллельное заглавие Customary law as a source of civil law
Первые сведения об ответственности Р.-М. З. Зумбулидзе
Язык параллельного заглавия английский
210 ## - ПУБЛИКАЦИЯ, РАСПРОСТРАНЕНИЕ И ДР.
Место издания, распространения и т.д. СПб.
Имя издателя, распространителя и т. д. Юрид. центр Пресс
Дата издания, распространения и т.д. 2004
215 ## - ФИЗИЧЕСКАЯ ХАРАКТЕРИСТИКА
Специфическое обозначение материала и объем 380 с., [1] л. цв. портр.
Размеры 22
225 1# - СЕРИЯ
Основное заглавие серии Теория и практика гражданского права и гражданского процесса
Сведения об ответственности Редкол. А.П. Сергеев (отв. ред.) и др.
300 ## - ОБЩИЕ ПРИМЕЧАНИЯ
Текст примечания Загл обл.: Обычай в праве
300 ## - ОБЩИЕ ПРИМЕЧАНИЯ
Текст примечания Авт. 1-го и 2-го произведения также на англ. яз.: R.-M. Z. Zumbulidze, A.I. Porotikov
300 ## - ОБЩИЕ ПРИМЕЧАНИЯ
Текст примечания Рез. на англ. яз.
320 ## - ПРИМЕЧАНИЯ О НАЛИЧИИ В ДОКУМЕНТЕ БИБЛИОГРАФИИ / УКАЗАТЕЛЯ
Текст примечания Библиогр.: с. 181-196 (210 назв.) и с. 362-380 (194 назв.)
423 #0 - ИЗДАЕТСЯ В ОДНОЙ ОБЛОЖКЕ ВМЕСТЕ С ...
Встроенное поле 2001#$aОбычай в гражданском праве$dCustom in civil law$fА.И. Поротиков$gАссоц. Юрид. центр$zeng
-- 210##$aСПб.$d2004
-- 215##$aС. 197-380
-- 700#1$aПоротиков$bА. И.$gАлександр Иванович$4070
Заглавие Обычай в гражданском праве
Автор Поротиков, Александр Иванович
510 0# - ПАРАЛЛЕЛЬНОЕ ЗАГЛАВИЕ
Связь между полями z45790
Параллельное заглавие Customary law as a source of civil law
Язык заглавия английский
510 0# - ПАРАЛЛЕЛЬНОЕ ЗАГЛАВИЕ
Связь между полями z46790
Параллельное заглавие Custom in civil law
Язык заглавия русский
512 1# - ЗАГЛАВИЕ ОБЛОЖКИ
Заглавие обложки Обычай в праве
606 0# - НАИМЕНОВАНИЕ ТЕМЫ КАК ПРЕДМЕТ
Наименование темы Обычное право
Системный номер авторитетной/нормативной записи 1739276
Идентификатор авторитетной/нормативной записи RU\NLR\auth\66778129
606 0# - НАИМЕНОВАНИЕ ТЕМЫ КАК ПРЕДМЕТ
Наименование темы Обычай как источник гражданского права
Системный номер авторитетной/нормативной записи 2345578
Идентификатор авторитетной/нормативной записи RU\NLR\auth\661401721
686 ## - ИНДЕКСЫ ДРУГИХ КЛАССИФИКАЦИЙ
Индекс Х062.03
686 ## - ИНДЕКСЫ ДРУГИХ КЛАССИФИКАЦИЙ
Индекс Х623-3
700 #1 - ИМЯ ЛИЦА - ПЕРВИЧНАЯ ОТВЕТСТВЕННОСТЬ
Начальный элемент ввода Зумбулидзе
Часть имени, кроме начального элемента ввода Р. -М. З.
Расширение инициалов личного имени Роз-Мари Зурабовна
Код отношения Автор
790 #1 - ИМЯ ЛИЦА - АЛЬТЕРНАТИВНАЯ ФОРМА
Связь между полями z45510
Начальный элемент ввода Zumbulidze
Часть имени, кроме начального элемента ввода R. -M. Z.
Расширение инициалов личного имени Roz-Mari Zurabovna
Код отношения Автор
790 #1 - ИМЯ ЛИЦА - АЛЬТЕРНАТИВНАЯ ФОРМА
Связь между полями z46510
Начальный элемент ввода Porotikov
Часть имени, кроме начального элемента ввода A. I.
Расширение инициалов личного имени Aleksandr Ivanovič
Код отношения Автор
801 #0 - ИСТОЧНИК ЗАПИСИ
Страна Российская Федерация
Организация NLR
Дата составления 20040823
Правила каталогизации PSBO
801 #1 - ИСТОЧНИК ЗАПИСИ
Страна Российская Федерация
Организация NLR
Дата составления 20040823
942 ## - ДОПОЛНИТЕЛЬНЫЕ ЭЛЕМЕНТЫ ЗАПИСИ (АБИС)
Тип экземпляра АБИС Книга
980 ## - КОЛЛЕКЦИЯ
Название коллекции Национальная библиография
Экземпляры
Тип экземпляра Дата поступления Источник поступления Библиотека постоянного хранения Библиотека текущего хранения Место хранения Шифр хранения Штрих-код Статус экземпляра Стоимость
Книга 23.08.2004 Обязательный экземпляр РНБ (Московский) РНБ (Московский) Русский книжный фонд: издания с 1957 года 2004-5/4313 1-2195342    
Книга 23.08.2004 Обязательный экземпляр РНБ (Московский) РНБ (Московский) Русский книжный фонд: издания с 1957 года 2004-5/4313 738655    
Книга 16.11.2004 Покупка РНБ (Московский) РНБ (Московский) Фонд общего зала социально-экономической литературы С1 Х06/З-938 1-532286   336.00